La razn̤ prc̀tica en el Derecho y la moral

Detalles Bibliográficos
Autor principal: MacCormick, Neil
Formato: eBook
Lenguaje:español
Publicado: Lima: Palestra Editores, 2021
Materias:
Acceso en línea:Acceso restringido

MARC

LEADER 00000nam a22000007a 4500
005 20220824231153.0
007 cr|||| ||||
008 220824s2021 pe |||||s|||| 00||0 spa d
020 |a 9786123252335 
035 |a 36960 
040 |a vLex 
090 |c 13824  |d 13824 
100 1 |a MacCormick, Neil 
245 1 2 |a La razn̤ prc̀tica en el Derecho y la moral  |h [Recurso electrn̤ico] /  |c Neil MacCormick 
256 |a Servicio en ln̕ea 
260 |a Lima:  |b Palestra Editores,  |c 2021 
300 |a 1 recurso electrn̤ico 
500 |a “¿Puede la razn̤ ser prc̀tica?” Es la pregunta que el autor pretende responder en este libro. La respuesta para el autor es positiva, y ofrece los argumentos que sustentan est ̀posicin̤ a lo largo de los once capt̕ulos de la obra. El autor plantea algunas cuestiones que haba̕n sido dejadas como interrogantes en sus libros predecesores, en especial lo referido a la autonoma̕ de las personas como agentes morales, sobre la cualidad universal en lugar de particular de los juicios morales y sobre la objetividad (o su carencia) que acompaą a los intentos humanos de establecer buenas razones para decidir qu ̌hacer ante dilemas prc̀ticos serios. 
506 1 |a Disponible solo en los productos indicados  |d vLex Global  |d vLex Global (Academic Edition, excluding Law Schools)  |d vLex Global (U.S. Academic Edition, Law Schools)  |d vLex Global (U.S. Academic Edition, excluding Law Schools)  |d vLex Global (Academic Edition, Law Schools) 
650 0 4 |a Derecho Militar  |z Per︢ 
650 0 4 |a Filosofa̕ y religin̤  |z Per︢ 
740 0 |a vLex Libros (Servicio en ln̕ea) 
856 4 0 |u https://app.vlex.com/#/sources/36960  |z Acceso restringido 
942 |c BOOK